|
|
|
|
| LEADER |
00000cam a2200000 a 4500 |
| 001 |
vtls010343821 |
| 003 |
SK-MaSNL |
| 005 |
20260302012126.0 |
| 008 |
251120s2012 xo a j f000 0 slo |
| 013 |
|
|
|a 287875
|b SK
|c patent
|d 20120203
|e dátum nadobudnutia účinkov patentu (Vestník ÚPV SR č.: 2/2012)
|d 20120116
|e dátum sprístupnenia patentu
|
| 013 |
|
|
|a 1622-2003
|e číslo prihlášky
|d 20020607
|e dátum podania prihlášky
|d 20041201
|e dátum zverejnenia prihlášky (Vestník ÚPV SR č.: 12/2004)
|
| 013 |
|
|
|a 0114286.8
|e číslo prioritnej prihlášky
|d 20010612
|e dátum podania prioritnej prihlášky
|b GB
|e kód krajiny prioritnej prihlášky
|
| 015 |
|
|
|a SNBN2013
|
| 040 |
|
|
|a SNK
|b slo
|c SNK
|e AACR2
|
| 041 |
0 |
|
|a slo
|
| 044 |
|
|
|a xo
|c SK
|
| 072 |
|
7 |
|a 615
|x Farmácia. Farmakológia
|2 konspekt
|
| 072 |
|
7 |
|a 616
|x Patológia. Klinická medicína
|2 konspekt
|
| 080 |
|
|
|a 615.012/.014
|2 2001
|
| 080 |
|
|
|a 616.36-002
|2 2001
|
| 084 |
|
|
|a A61K 31/00
|2 IPC
|
| 084 |
|
|
|a C07H 19/00
|2 IPC
|
| 084 |
|
|
|a A61P 31/00
|2 IPC
|
| 245 |
0 |
0 |
|a Použitie 4'-substituovaných nukleozidov na výrobu liečiva na liečenie chorôb sprostredkovaných vírusom hepatitídy C
|c Rene Robert Devos ... [et al.] ; patent. zást. Eva Bušová
|
| 260 |
|
|
|a [Banská Bystrica]
|b Úrad priemyselného vlastníctva SR
|c [2012]
|
| 300 |
|
|
|a 33 s.
|b tab.
|c 30 cm
|
| 650 |
0 |
7 |
|a technológia liekov
|2 SNKPH
|9 78332
|
| 650 |
0 |
7 |
|a farmaceutické výrobky
|2 SNKPH
|9 51177
|
| 650 |
0 |
7 |
|a Pharmaceutical technology
|2 SNKPHeng
|9 320825
|
| 650 |
0 |
7 |
|a hepatitída
|2 SNKPH
|9 1581
|
| 650 |
0 |
7 |
|a Hepatitis
|2 SNKPHeng
|9 321957
|
| 655 |
|
7 |
|a patenty
|2 SNKPH
|9 177343
|
| 655 |
|
7 |
|a patent licenses
|2 SNKPHeng
|9 303430
|
| 700 |
1 |
|
|a Hobbs, Christopher John
|4 org
|9 653583
|
| 700 |
1 |
|
|a Jiang, Wen-Rong
|4 org
|9 653584
|
| 700 |
1 |
|
|a Bušová, Eva
|4 oth
|9 297878
|
| 700 |
1 |
|
|a Martin, Joseph Armstrong
|4 org
|9 653585
|
| 700 |
1 |
|
|a Merrett, John Herbert
|4 org
|9 653586
|
| 700 |
1 |
|
|a Najera, Isabel
|4 org
|9 653587
|
| 700 |
1 |
|
|a Shimma, Nobuo
|4 org
|9 653588
|
| 700 |
1 |
|
|a Tsukuda, Takuo
|4 org
|9 653589
|
| 700 |
1 |
|
|a Devos, Rene Robert
|4 org
|9 653590
|
| 710 |
2 |
|
|a F. Hoffmann-La Roche AG (Bazilej, Švajčiarsko)
|4 pth
|9 157053
|
| 852 |
|
|
|a Štátna vedecká knižnica v Banskej Bystrici
|
| 999 |
|
|
|c 1008521
|d 1010451
|
| 952 |
|
|
|a SNK
|b SNK
|y PREZ
|7 0
|p 17A1067646
|o snkSK 287875
|i snk2013/8564
|8 0
|0 0
|1 0
|4 0
|d 2013-04-16
|l 0
|r 2026-02-24 12:43:20
|w 2026-02-24
|